City Decoder #1 - Statistics

General Stats
  • This quiz has been taken 298 times
  • The average score is 17 of 30
Answer Stats
Hint City % Correct
I Is located on two continents Istanbul
86%
M Holiest city of Islam Mecca
86%
H First target of the Atomic bombs Hiroshima
84%
N Kenyan capital Nairobi
82%
T Formerly known as Edo Tokyo
82%
N City of Jesus's youth Nazareth
77%
A Rival of Sparta Athens
75%
V Where Hitler, Trotsky, Tito, Freud and Stalin lived in 1913 Vienna
74%
S World's only true city-state Singapore
68%
A Capital of South Australia Adelaide
66%
I Scottish Highlands' capital Inverness
64%
U World's coldest capital Ulaanbaatar
63%
A Home to Atatürk's mausoleum Ankara
61%
A Biggest African city on an island Antananarivo
58%
L Highest capital in the world La Paz
57%
G Biggest city in Central America Guatemala City
55%
C Where "Palme d'Or" is awarded Cannes
54%
E Northernmost major city in Canada Edmonton
52%
P "The City of Brotherly Love" Philadelphia
52%
A Former capital of Kazakhstan Almaty
50%
H 1952 Summer Olympics host Helsinki
49%
E Located adjacent to Juarez El Paso
48%
S Neymar's hometown São Paulo
45%
K Struck by an earthquake in 2015 Kathmandu
40%
A Main port of Ivory COast Abidjan
39%
A City of "The Walking Dead" Atlanta
39%
S Spanish for "Saint James" Santiago
34%
City #1 Aguascalientes
26%
T Site of one of WWII conferences Tehran
23%
City #2 Vishakhapatnam
12%
No matching quizzes found
Score Distribution
Percent of People with Each Score
Percentile by Number Answered
Your Score History
You have not taken this quiz